Chi l'ha scritto? - Statistics

Statistiche generali
  • Questo quiz è stato fatto 89 volte
    70 dall'ultimo reset
  • Il punteggio medio è 9 su 14
Statistiche sulle risposte
Libro Autore % Corretto
1984 George Orwell
93%
Odissea Omero
93%
Orgoglio e Pregiudizio Jane Austen
86%
Il ritratto di Dorian Gray Oscar Wilde
83%
Il Piacere Gabriele d'Annunzio
81%
Canzoniere Francesco Petrarca
78%
Cime Tempestose Emily Brontë
71%
Jane Eyre Charlotte Brontë
68%
Marcovaldo Italo Calvino
61%
Madame Bovary Gustave Flaubert
56%
Vita nei campi Giovanni Verga
49%
Piccole Donne Louisa May Alcott
49%
Canne al vento Grazia Deledda
39%
L'Allegria Giuseppe Ungaretti
22%
Nessun quiz corrispondente trovato
Distribuzione punteggi
Percentuale di utenti per punteggio
Percentile per numero di risposta
I tuoi punteggi nel tempo
Non hai fatto questo quiz dall'ultimo reset